00604nam a22001457a 4500020001800000082001300018100001500031245010200046260004200148300002100190880005900211942001200270999001900282952015700301 a9787100104845 a300bGUO aSu, Guoxun aRationalization and Its Limits: An Introduction to Weber's Thought (Chinese Edition) /cGuoxun Su aChina :bThe Commercial Press,c2016. a420 p. ;c24 cm. 6245-02\ra理性化及其限制 : 韋伯思想引論 / 2ddccBK c591841d591841 00102ddc406300_000000000000000_GUO709583072aCLbCLcCHISTd2022-10-17eDonated by China Embassyl0o300 GUOpCL-D-2084r2022-10-17w2022-10-17yBK